00738nam a22001577a 4500003000900000005001700009008004100026040001300067100002800080245006400108250000600172260003300178300002000211490003000231520031900261IT-RoPau20220918181219.0131216b xxu||||| |||| 00| 0 eng d cIT-RoPau aPérez, José Antonio aBeato Giacomo AlberionebUna luce per comunicare il Vangelo aI aTorinobEditrice Velarc2013 a48 pp.c20,5 cm aEditrice Velar - Elledici aIndice Presentazione Introduzione Le prime luci dell'alba e la notte santa della luce Il Signore non spreca la luce Verso mezzogiorno splendente L'urgenza di illuminare Irradiare Gesù Cristo Maestro, Via, Verità e Vita Verso la luce eterna, per continuare a illuminare il mondo Un'eredità luminosa Preghiera